|
|
|
|
| LEADER |
01596nam a2200337 i 4500 |
| 001 |
10096995 |
| 003 |
GR-PaULI |
| 005 |
20230526102029.0 |
| 008 |
230525s2021 gr g d gre d |
| 952 |
|
|
|0 0
|1 0
|2 ddc
|4 0
|6 852_912000000000000_FO
|7 0
|9 372126
|a THST
|b THST
|d 2023-05-25
|i 017616
|l 0
|o 852.912 FO
|p 025000299941
|r 2023-05-25 00:00:00
|t 1
|w 2023-05-25
|y BK15
|
| 999 |
|
|
|c 216988
|d 216988
|
| 020 |
|
|
|a 9786185549060
|
| 040 |
|
|
|a GR-PaULI
|b gre
|c GR-PaULI
|e AACR2
|
| 041 |
1 |
|
|a gre
|h ita
|
| 082 |
0 |
4 |
|a 852.912
|2 23
|
| 100 |
1 |
|
|9 105216
|a Fo, Dario,
|d 1926-2016.
|e συγγραφέας
|
| 245 |
1 |
0 |
|a Ολο σπίτι, κρεβάτι κι εκκλησία /
|c Ντάριο Φο - Φράνκα Ράμε ; μετάφραση Αχιλλέας Καλαμάρας.
|
| 260 |
|
|
|a Αθήνα :
|b Ακυβέρνητες πολιτείες,
|c 2021.
|
| 300 |
|
|
|a 127 σ. ;
|c 20 εκ.
|
| 490 |
1 |
|
|a Θέατο / Ακυβέρνητες πολιτείες
|
| 650 |
|
4 |
|a Ιταλικό δράμα
|9 144360
|y 20ός αιώνας
|
| 650 |
|
4 |
|a Γυναίκες στο θέατρο
|9 157646
|
| 650 |
|
4 |
|a Θέατρο, Φεμινιστικό
|9 157653
|
| 650 |
|
4 |
|a Ενδοοικογενειακές σχέσεις στο θέατρο.
|9 198394
|
| 650 |
|
4 |
|a Άνδρας και γυναίκα
|9 198400
|v Δράμα
|x Σχέσεις
|
| 650 |
|
4 |
|a Γάμος
|9 198399
|v Δράμα.
|
| 700 |
1 |
4 |
|a Καλαμάρας, Αχιλλέας
|e μεταφραστής
|9 34125
|
| 760 |
1 |
|
|a Λογοτεχνία
|
| 830 |
|
0 |
|9 198388
|a Θέατρο (Ακυβέρνητες πολιτείες)
|
| 942 |
|
|
|2 ddc
|c BK15
|
| 998 |
|
|
|c ΜΑΝΙΑ
|d 2018-04
|